Head injury: a multidisciplinary approach (Record no. 31646)

MARC details
000 -LEADER
fixed length control field 00871nam a2200229 a 4500
008 - FIXED-LENGTH DATA ELEMENTS--GENERAL INFORMATION
fixed length control field 120423s2009 ||||||||||||||||| || u
020 ## - INTERNATIONAL STANDARD BOOK NUMBER
International Standard Book Number 9780521697620 (pbk.)
020 ## - INTERNATIONAL STANDARD BOOK NUMBER
International Standard Book Number 052169762X (pbk.)
050 ## - LIBRARY OF CONGRESS CALL NUMBER
Classification number RD 521 Hea
100 ## - MAIN ENTRY--PERSONAL NAME
Personal name Summers, Fiona
245 10 - TITLE STATEMENT
Title Head injury: a multidisciplinary approach
Statement of responsibility, etc. edited by Peter C. Whitfield; [and others]
260 ## - PUBLICATION, DISTRIBUTION, ETC.
Place of publication, distribution, etc. Cambridge:
Name of publisher, distributor, etc. Cambridge University Press
Date of publication, distribution, etc. 2009
300 ## - PHYSICAL DESCRIPTION
Extent xii, 309p.: ill.
350 ## -
-- 0.00
490 ## -
-- Cambridge medicine
650 #0 - SUBJECT ADDED ENTRY--TOPICAL TERM
Topical term or geographic name entry element PSYCHIATRY--KENYATTA NATIONAL HOSPITAL, KENYA
650 #3 - SUBJECT ADDED ENTRY--TOPICAL TERM
Topical term or geographic name entry element CRANIOCEREBRAL TRAUMA
700 ## - ADDED ENTRY--PERSONAL NAME
Personal name Whyte, Maggie
700 ## - ADDED ENTRY--PERSONAL NAME
Personal name Thomas, Elfyn O
700 ## - ADDED ENTRY--PERSONAL NAME
Personal name Whitfield, Peter C
995 ## -
-- MEDICAL LIBRARY OPEN ACCESS
-- 901789
-- CBU-SCHOOL OF MEDICINE LIBRARY (Ndola)
-- 0.00
-- RD 521 Hea
-- 1
-- AVAILABLE
-- Jun 7, 2012
-- 901789
-- Medical Library Open Access Collection
999 ## -
-- 31646
-- 31646
Holdings
Withdrawn status Lost status Source of classification or shelving scheme Damaged status Not for loan Permanent Location Current Location Shelving location Date acquired Total Checkouts Full call number Barcode Date last seen Date last checked out Price effective from Koha item type
          CBU-SCHOOL OF MEDICINE LIBRARY, NDOLA. CBU-SCHOOL OF MEDICINE LIBRARY, NDOLA.   11/30/2022 1 RD 521 Hea 901789 01/19/2026 12/17/2025 11/30/2022 MONOGRAPH